Statistics for Bodies of Water from Chicago to the Ocean

Click here to take the quiz!

General Stats

  • This quiz has been taken 64 times
  • The average score is 12 of 17

Answer Stats

Body of Water% Correct
Lake {Michigan}
98%
{Atlantic} Ocean
96%
Lake {Erie}
96%
Gulf of Saint {Lawrence}
93%
Lake Saint {Lawrence}
93%
Saint {Lawrence} River
93%
Lake {Ontario}
91%
{Niagara} Falls
88%
{Niagara} River
88%
Lake {Huron}
86%
Lake St. {Clair}
56%
St. {Clair} River
56%
Straits of {Mackinac}
44%
{Detroit} River
39%
Lake Saint {Louis}
19%
Lake Saint {Pierre}
14%
Lake Saint {Francis}
7%

Score Distribution

Percentile by Number Answered

Percent of People with Each Score

Your Score History

You have not taken this quiz